Télévision (Record no. 86099)
[ view plain ]
| 000 -LEADER | |
|---|---|
| campo de control de longitud fija | 00802nam a2200217 i 4500 |
| 001 - NÚMERO DE CONTROL | |
| campo de control | 86099 |
| 003 - IDENTIFICADOR DE NÚMERO DE CONTROL | |
| campo de control | ES-MaACL |
| 007 - CAMPO FIJO DE DESCRIPCIÓN FÍSICA--INFORMACIÓN GENERAL | |
| campo de control de longitud fija | t| |
| 008 - DATOS DE LONGITUD FIJA--INFORMACIÓN GENERAL | |
| campo de control de longitud fija | 041207s1953 ne ||||1| fre d |
| 100 1# - ENTRADA PRINCIPAL--NOMBRE DE PERSONA | |
| Nombre de persona | Kerkhof, F. |
| 9 (RLIN) | 67904 |
| 245 10 - MENCIÓN DEL TÍTULO | |
| Título | Télévision |
| Resto del título | : une introduction aux principes physiques et techniques de la télévisión / |
| Mención de responsabilidad, etc. | par F. Kerkhof et W. Werner ; avec un avant-propos de G.A. Boutry ; [traduit par J.F. Marchand]. |
| 260 ## - PUBLICACIÓN, DISTRIBUCIÓN, ETC. | |
| Lugar de publicación, distribución, etc. | [Eindhoven : |
| Nombre del editor, distribuidor, etc. | N.V. Philips, |
| Fecha de publicación, distribución, etc. | 1953] |
| 300 ## - DESCRIPCIÓN FÍSICA | |
| Extensión | XV, 476 p., 10 lám. : |
| Otras características físicas | il. ; |
| Dimensiones | 23 cm. |
| 490 1# - MENCIÓN DE SERIE | |
| Mención de serie | Bibliothèque techique Philips |
| 700 1# - ENTRADA AGREGADA--NOMBRE PERSONAL | |
| Nombre de persona | Werner, W. |
| 9 (RLIN) | 116509 |
| 700 1# - ENTRADA AGREGADA--NOMBRE PERSONAL | |
| Nombre de persona | Boutry, G. A. |
| 9 (RLIN) | 31067 |
| 700 1# - ENTRADA AGREGADA--NOMBRE PERSONAL | |
| Nombre de persona | Marchand, J. F. |
| 9 (RLIN) | 76410 |
| 830 0# - PUNTO DE ACCESO ADICIONAL DE SERIE-TÍTULO UNIFORME | |
| Título uniforme | Bibliothèque techique Philips |
| 9 (RLIN) | 231740 |
| 852 ## - LOCALIZACIÓN | |
| Ubicación | ES-MaACL |
| Número de control de estantería | C-9070 |
| Sublocalización o colección | R.37239 |
| Estatus retirado | Estado de pérdida | Estado de daño | No para préstamo | Biblioteca de origen | Biblioteca actual | Ubicación en estantería | Fecha de adquisición | Fuente de adquisición | Total de préstamos | Signatura topográfica completa | Código de barras | Visto por última vez | Precio de reemplazo | Tipo de ítem Koha |
|---|---|---|---|---|---|---|---|---|---|---|---|---|---|---|
| Biblioteca del Ateneo de Madrid | Biblioteca del Ateneo de Madrid | Sala Palomar | 17/01/2008 | C-9070 | 1089966 | 23/02/2023 | 23/02/2023 | Libro impreso |
